LEADER 01343nam 2200433 450 001 9910511357603321 010 $a1-4648-1088-5 035 $a(CKB)4340000000210569 035 $a(MiAaPQ)EBC5114415 035 $a(EXLCZ)994340000000210569 100 $a20171127h20182018 uy 0 101 0 $aeng 135 $aurcnu|||||||| 181 $2rdacontent 182 $2rdamedia 183 $2rdacarrier 200 04$aThe 1.5 billion people question $efood, vouchers, or cash transfers? /$fHarold Alderman, Ugo Gentilini, Ruslan Yemtsov, editors 210 1$aWashington, District of Columbia :$cWorld Bank Publications,$d2018. 210 4$d©2018 215 $a1 online resource (341 pages) $cillustrations, tables, graphs 300 $aIncludes index. 311 $a1-4648-1087-7 320 $aIncludes bibliographical references at the end of each chapters and index. 606 $aFood relief 606 $aPublic welfare 608 $aElectronic books. 615 0$aFood relief. 615 0$aPublic welfare. 676 $a363.883 702 $aAlderman$b Harold 702 $aGentilini$b Ugo 702 $aYemtsov$b Ruslan 801 0$bMiAaPQ 801 1$bMiAaPQ 801 2$bMiAaPQ 906 $aBOOK 912 $a9910511357603321 996 $aThe 1.5 billion people question$92548525 997 $aUNINA LEADER 01544cam a2200313 i 4500 001 991001714089707536 005 20020507150858.0 008 991104s1986 it 100 0 ita d 035 $ab11553406-39ule_inst 035 $aLE02723699$9ExL 040 $aDip.to Studi Giuridici$bita 041 0 $aengfreita 082 0 $a342.370852 245 00$aAccademia romanistica Costantiniana :$batti del 6. Convegno internazionale : Spello, 12-15 ottobre 1983 /$cAccademia romanistica Costantiniana 260 $aCittą di Castello :$b[s.n.],$c[1986] 300 $axiv, 452 p. ;$c24 cm 500 $aIn testa al front.: Universitą degli studi di Perugia, Facoltą di giurisprudenza 650 4$aCongressi$zSpello$y1983 650 4$aCulti$zImpero romano$ySec. 4.-5.$xLegislazione$xCongressi$y1983 651 4$aImpero romano$xPolitica religiosa$ySec. 4.-5.$xCongressi$y1983 710 1 $aAccademia romanistica Costantiniana$eauthor$4http://id.loc.gov/vocabulary/relators/aut$0240708 907 $a.b11553406$b02-04-14$c02-07-02 912 $a991001714089707536 945 $aLE027 ARCHI S 102$g2$iLE027-4550$lle027$o-$pE0.00$q-$rl$s- $t0$u0$v0$w0$x0$y.i11753882$z02-07-02 945 $aLE027 R-XXII 1.2 (VI)$g1$iLE027CL-1272$lle027$o-$pE0.00$q-$rn$so $t0$u0$v0$w0$x0$y.i11753894$z02-07-02 945 $aLE027 R-XXII 1 (VI)$g1$iLE027I-1896$lle027$o-$pE0.00$q-$rn$so $t0$u0$v0$w0$x0$y.i11753900$z02-07-02 996 $aAccademia romanistica costantiniana$91451880 997 $aUNISALENTO 998 $ale027$b01-01-99$cm$da $e-$fita$git $h0$i3